| 000 | 00492nam a2200169 i 4500 | ||
|---|---|---|---|
| 001 | 71648 | ||
| 003 | ES-MaACL | ||
| 005 | 20230906171204.0 | ||
| 007 | t| | ||
| 008 | 040813s1910 fr ||||1| fre d | ||
| 100 | 1 |
_aGérard, Adrien. _956400 |
|
| 245 | 1 | 4 |
_aLes Torts ou Delits Civils en droit anglais / _cAdrien Gerard. |
| 260 |
_a[S.l. : _bs.n., _c1910] ( _eLaval : _fL. Barnéoud) |
||
| 300 |
_a462 p. ; _c25 cm. |
||
| 740 | 0 | _aDelits Civils en droit anglais. | |
| 852 |
_aES-MaACL _jF-8965 |
||
| 999 |
_c71648 _d71648 |
||